Disney quiz Stats

 Plays Quiz not verified by Sporcle

Also try: Fictional Orphans
Challenge
Share
Tweet
Embed
Score 0/30 Timer 03:00
0 Plays Today
Hint Answer % Correct
How old is Ariel in The Little Mermaid16
89.9%
Name the dwarf from Snow White that wears glassesDoc
87.9%
What animal is the staff, that Jafar holds, shaped asSnake
80.8%
Which Disney princess sings Once Upon A DreamSleeping Beauty
77.8%
In which Disney film would you find the characters Flotsam and JetsamThe Little Mermaid
76.8%
Who voices the Genie in AladdinRobin Williams
75.8%
What animal is Disney's Robin HoodFox
71.7%
What film are the lyrics 'the cold never bothered me anyway' fromFrozen
70.7%
Name the blue fairy in Sleeping BeautyMerryweather
64.6%
From which Disney film is the song Zip A Dee Doo DahSong of the South
61.6%
What colour is Oliver in Oliver and CompanyGinger
61.6%
How many kittens is Duchess the mother of in The Aristocats3
60.6%
Name the pig from Toy StoryHamm
58.6%
What is the pet fish in Pinocchio calledCleo
57.6%
What animal is the Disney character ClarabelleCow
57.6%
Hint Answer % Correct
In which film would you find an isolated tower and a horse that acts like a dogTangled
57.6%
How many Pirates of the Caribbean films have been made to date4
53.5%
Complete the film title: Tinkerbell and the Lost........Treasure
49.5%
What is the Mad Hatter celebrating at his tea partyUnbirthday
47.5%
What is the enchanted clock in Beauty and the Beast calledCogsworth
45.5%
What do the fairies rename Aurora in Sleeping BeautyBriar Rose
44.4%
What is the name of Belles horse in Beauty and the BeastPhillipe
43.4%
Which film has the phrase 'Diamond in the rough'aladdin
43.4%
What animals, from Jungle Book, sing the song We Your FriendsVultures
41.4%
In which film would you find the character VanellopeWreck it Ralph
41.4%
In Mary Poppins, how much does it cost to feed the birdstuppence
40.4%
In the Muppets Christmas Carol, who plays Ebeneezer ScroogeMichael Caine
31.3%
What is the name of the train in DumboCasey Junior
31.3%
Who voices young Simba in The Lion KingJonathan Taylor Thomas
28.3%
Who voices the dog Chance in Homeward BoundMichael J Fox
11.1%

You're not logged in!

Compare scores with friends on all Sporcle quizzes.
OR
Log In

You Might Also Like...

Show Comments

Extras

Created Feb 24, 2014ReportNominate
Tags:Disney Quiz, related

Top Quizzes Today


Score Distribution

Your Account Isn't Verified!

In order to create a playlist on Sporcle, you need to verify the email address you used during registration. Go to your Sporcle Settings to finish the process.

Report this User

Report this user for behavior that violates our Community Guidelines.

Details: